A cultura do arroz (Registo nº 200385)

Detalhes MARC
000 -Etiqueta do registo
Valores 00629nam 22001813 4500
100 ## - Dados gerais de processamento
Dados gerais 20260204d u||y0pory50 ba
200 ## - Titulo e menção de responsabilidade
Título próprio A cultura do arroz
Primeira menção de responsabilidade Manuel Vianna e Silva
210 ## - Publicação
Local de publicação Lisboa
Nome do editor Livraria Clássica Editora
Data de publicação imp. 1983
215 ## - Descrição física 
Paginação / Volumes 247 p.
Outras indicações físicas il. ; brochado
Dimensões 23 cm
225 ## - Colecção 
Título próprio da colecção Técnica agrária
Número de parte ou secção 1
606 ## - Nome comum usado como assunto
ID Autoridade 1219
Palavra de ordem Agricultura. Ciências agrárias e técnicas relacionadas. Silvicultura. Explorações agrícolas. Exploração da vida selvagem
675 ## - CDU
Notação 63
Edição PT
Língua por
700 ## - Autor principal (pessoa individual)
ID Autoridade 16190
Apelido Silva
Nome Manuel Vianna e
801 ## - Fonte de origem
País PT
Agência BMMN
Regras de catalogação RPC
830 ## - Notas gerais do catalogador
Criado por Vanda
990 ## - Elementos KOHA
Tipo de documento Livro
Exemplares
Situação do levantamento Biblioteca de origem Código de barras Cota Permissão de empréstimo Tipo de documento Forma de aquisição
  Biblioteca Municipal de Montemor-o-Novo 29541 63 SIL|DEP   Livro Compra

Powered by Koha